[Event "AUT-chT2W 2122"]
[Site "Austria"]
[Date "2022.06.04"]
[Round "7.5"]
[White "Berchtenbreiter, Maximilian"]
[Black "Muehlbacher, Bernhard"]
[Result "1-0"]
[WhiteElo "2507"]
[BlackElo "2030"]
[PlyCount "87"]
[EventDate "2021.10.15"]
[EventType "team-tourn"]
[EventRounds "11"]
[EventCountry "AUT"]
[SourceTitle "EXT 2023"]
[Source "ChessBase"]
[SourceDate "2022.10.05"]
[SourceVersion "1"]
[SourceVersionDate "2022.10.05"]
[SourceQuality "1"]
[WhiteTeam "Schach ohne Grenzen"]
[BlackTeam "Kufstein/Woergl"]
[WhiteTeamCountry "AUT"]
[BlackTeamCountry "AUT"]

1. Nf3 Nf6 2. g3 g6 3. Bg2 Bg7 4. 0-0 0-0 5. d4 d6 6. b3 c6 7. Bb2 Nbd7 8. c4 c5 9. Nc3 Rb8 10. e4 cxd4 11. Nxd4 Ne5 12. Re1 Bd7 13. f4 Nc6 14. e5 dxe5 15. fxe5 Ng4 16. Bxc6 bxc6 17. e6 Bxd4+ 18. Qxd4 Bxe6 19. Nd5 Nf6 20. Nxf6+ exf6 21. Qf2 f5 22. Rad1 Qe7 23. Qf4 Rbe8 24. Rd6 f6 25. Rdxe6 Qxe6 26. Rxe6 Rxe6 27. Qc7 Rfe8 28. Bc3 R8e7 29. Qb8+ Kg7 30. Qc8 Re8 31. Qd7+ R8e7 32. Qd4 Rf7 33. Kf1 Rfe7 34. Bb4 Rf7 35. Bd6 g5 36. Qd3 h5 37. Qxf5 Re8 38. Qf2 Kg6 39. Qc2+ f5 40. Qc3 Re6 41. Qd4 Re8 42. h4 gxh4 43. Qxh4 Re6 44. Qd8 1-0

[Event "Bundesliga 2122"]
[Site "Germany"]
[Date "2022.04.09"]
[Round "3.7"]
[White "Predojevic, Borki"]
[Black "Berchtenbreiter, Maximilian"]
[Result "1/2-1/2"]
[WhiteElo "2585"]
[BlackElo "2513"]
[PlyCount "76"]
[EventDate "2022.03.05"]
[EventType "team-tourn"]
[EventRounds "15"]
[EventCountry "GER"]
[SourceTitle "EXT 2023"]
[Source "ChessBase"]
[SourceDate "2022.10.05"]
[SourceVersion "1"]
[SourceVersionDate "2022.10.05"]
[SourceQuality "1"]
[WhiteTeam "Solingen"]
[BlackTeam "Muenchen 36"]
[WhiteTeamCountry "GER"]
[BlackTeamCountry "GER"]

1. e4 c6 2. Nc3 d5 3. Nf3 Bg4 4. h3 Bxf3 5. Qxf3 e6 6. Be2 Nf6 7. 0-0 Bb4 8. e5 Nfd7 9. d4 Be7 10. Rd1 g6 11. Nb1 c5 12. c3 Nc6 13. Na3 a6 14. Nc2 Rc8 15. Bd3 Bg5 16. Bxg5 Qxg5 17. g3 h5 18. h4 Qh6 19. Kg2 0-0 20. Re1 Kg7 21. Rad1 f6 22. exf6+ Nxf6 23. Qe3 Qxe3 24. fxe3 c4 25. Be2 Rc7 26. Rf1 Rcf7 27. Rf4 Ne7 28. Bf3 Nf5 29. Re1 Nd6 30. Re2 Kh6 31. Na3 Rg8 32. Rf2 g5 33. hxg5+ Rxg5 34. Bxd5 Nxd5 35. Rxf7 Nxe3+ 36. Kh3 Nxf7 37. Rxf7 b5 38. Rf3 Ng4 1/2-1/2

[Event "Mittelfranken Landesliga Sued 2122"]
[Site "Mittelfranken"]
[Date "2022.04.03"]
[Round "7.1"]
[White "Berchtenbreiter, Maximilian"]
[Black "Eichler, Christoph"]
[Result "1-0"]
[WhiteElo "2519"]
[BlackElo "2302"]
[PlyCount "67"]
[EventDate "2021.10.24"]
[EventType "team-tourn"]
[EventRounds "9"]
[EventCountry "GER"]
[SourceTitle "EXT 2024"]
[Source "ChessBase"]
[SourceDate "2023.10.10"]
[SourceVersion "1"]
[SourceVersionDate "2023.10.10"]
[SourceQuality "1"]
[WhiteTeam "Muenchen SC II"]
[BlackTeam "Muenchen Zugzwang II"]
[WhiteTeamCountry "GER"]
[BlackTeamCountry "GER"]

1. Nf3 d5 2. d4 Nf6 3. c4 e6 4. Nc3 a6 5. Bg5 dxc4 6. e4 b5 7. e5 h6 8. Bh4 g5 9. Nxg5 hxg5 10. Bxg5 Nbd7 11. a4 Rg8 12. h4 Rxg5 13. hxg5 b4 14. gxf6 bxc3 15. bxc3 c5 16. a5 cxd4 17. Qxd4 Qc7 18. f4 Bb7 19. Rh7 Rd8 20. Rd1 Bd5 21. Rh8 Qxa5 22. Bxc4 Nb8 23. Bb3 Nc6 24. Ba4 Kd7 25. Qc4 Kc7 26. Rxd5 Qxd5 27. Qxd5 exd5 28. Rh7 Rd7 29. g4 Bc5 30. g5 Bf8 31. e6 fxe6 32. Rxd7+ Kxd7 33. Bxc6+ Kxc6 34. g6 1-0